|
|
|
|
| LEADER |
00883cam a2200253 7i4500 |
| 001 |
0000073897 |
| 005 |
20131024090000.0 |
| 008 |
080424s2008 njua b 001 0 eng |
| 020 |
# |
0 |
|a 9780470128725 (hbk.)
|
| 020 |
# |
0 |
|a 0470128720 (hbk.)
|
| 020 |
# |
0 |
|a 9780470233993 (pbk.)
|
| 020 |
# |
0 |
|a 0470233990 (pbk.)
|
| 090 |
0 |
0 |
|a QA 76.76 .O63
|b S55 2009
|
| 100 |
1 |
# |
|a Silberschatz, Abraham.
|
| 245 |
1 |
0 |
|a Operating system concepts
|c Abraham Silberschatz, Peter Baer Galvin, Greg Gagne..
|
| 250 |
# |
# |
|a 8th ed..
|
| 260 |
# |
# |
|a Hoboken, N.J.:
|b John Wiley [distributor],
|c 2010.
|
| 300 |
# |
# |
|a xx, 972 p.:
|b ill.;
|c 26 cm..
|
| 504 |
0 |
0 |
|a Includes bibliographical references and index
|
| 590 |
# |
# |
|a Rujukan Kursus Jabatan Sains Komputer
|
| 650 |
0 |
0 |
|a Operating systems (Computers)
|
| 700 |
1 |
1 |
|a Gagne, Greg
|
| 700 |
1 |
1 |
|a Galvin, Peter B.
|
| 999 |
|
|
|a 1100067627
|b Book
|c Open Shelf
|e KOLEKSI TERBUKA
|